03103nam a2200337 a 450000100060000000300080000600500170001400800410003102000180007202000260009002000180011603500190013404000480015304100080020108200240020910000300023324500880026325000450035126400590039626400110045530000280046633600260049433700280052033800270054850000280057550400670060350502710067052017720094165000260271365000260273981636BD-RjUL20230803150418.0230803r20162014enk b 001 0 eng c a9780745652528 a9780745652535q(pbk.) a9780745682280 a(BD-RjUL)81636 aUKMGBbengcUKMGBerdadYDXCPdDLCdBD-RjUL aeng 223a179.1bATE 20141 aAttfield, Robin,eauthor.10aEnvironmental ethics :ban overview for the twenty-first century /cRobin Attfield. aSecond edition, fully rev. and expanded. 1aCambridge, UK :bPolity Press,c2014, [reprinted 2016] 4c©2014 axvi, 272 pages ;c23 cm atextbtxt2rdacontent aunmediatedbn2rdamedia avolumebnc2rdacarrier aPrevious edition: 2003. aIncludes bibliographical references (pages 236-255) and index.0 aEnvironmental problems and humanity -- Some central debates -- Some critiques of environmental ethics -- Taking the future seriously -- Sustainable development, population and precaution -- The global community and global citizenship -- The ethics of climate change. aIn this clear, concise, comprehensively revised and up-to-date introduction to environmental ethics, Robin Attfield guides the student through the key issues and debates in this field in ways that will also be of interest to a wide range of scholars and researchers. The book introduces environmental problems and environmental ethics and surveys theories of the sources of the problems. Attfield also puts forward his own original contribution to the debates, advocating biocentric consequentialism among theories of normative ethics and defending objectivism in meta-ethics. The possibilities of ethical consumerism and investment are discussed, and the nature and basis of responsibilities for future generations in such areas as sustainable development are given detailed consideration. Attfield adopts an inclusive, cosmopolitan perspective in discussions of global ethics and citizenship, and illustrates his argument with a discussion of global warming, mitigation, adaptation and global justice. The revised edition features a new chapter on climate change, new treatments of animal issues, ecofeminism, environmental aesthetics, invasion biology and virtue ethics, and new applications of the precautionary principle to fisheries, genetic engineering and synthetic biology. The glossary and bibliography have been updated to assist understanding of these themes. The text uses a range of devices to aid understanding, such as summaries of key issues, and guides to further reading and relevant websites. It has been written particularly with a view to the needs of students taking courses in environmental ethics, and will be of interest to students and scholars of philosophy, ethics, geography, religion and environmental studies. -- Provided by publisher. 0aEnvironmental ethics. 7aEnvironmental ethics.